Bài giảng qui hoạch tuyến tính

Gespeichert in:
Bibliographische Detailangaben
1. Verfasser: Hồ, Hữu Hòa
Format: Buch
Sprache:Undetermined
Veröffentlicht: Cần Thơ Trường Đại Học Cần Thơ - Khoa Sư Phạm 2000
Schlagworte:
Tags: Tag hinzufügen
Keine Tags, Fügen Sie den ersten Tag hinzu!
Thư viện lưu trữ: Trung tâm Học liệu Trường Đại học Cần Thơ
LEADER 00607nam a2200181Ia 4500
001 CTU_40208
008 210402s9999 xx 000 0 und d
082 |a 512.5 
082 |b H401 
100 |a Hồ, Hữu Hòa 
245 0 |a Bài giảng qui hoạch tuyến tính 
245 0 |c Hồ Hữu Hòa 
260 |a Cần Thơ 
260 |b Trường Đại Học Cần Thơ - Khoa Sư Phạm 
260 |c 2000 
650 |a algebras, linear - outlines, syllabi, etc,mathematics - study and teaching 
904 |i Minh, 010221 
980 |a Trung tâm Học liệu Trường Đại học Cần Thơ